Краткий обзор устройств гашения колебаний; Современные техника и технологии; Т. 3

Bibliographic Details
Parent link:Современные техника и технологии: сборник трудов XX международной научно-практической конференции студентов, аспирантов и молодых ученых, Томск, 14-18 апреля 2014 г./ Национальный исследовательский Томский политехнический университет (ТПУ).— , 2014
Т. 3.— 2014.— [С. 85-86]
Main Author: Катпин Г.
Corporate Author: Национальный исследовательский Томский политехнический университет (ТПУ) Институт неразрушающего контроля (ИНК) Кафедра физических методов и приборов контроля качества (ФМПК)
Other Authors: Мойзес Б. Б. Борис Борисович (научный руководитель)
Summary:Заглавие с титульного экрана
Language:Russian
Published: 2014
Series:Контроль и управление качеством
Subjects:
Online Access:http://earchive.tpu.ru/handle/11683/20891
http://www.lib.tpu.ru/fulltext/c/2014/C01/V3/039.pdf
Format: MixedMaterials Electronic Book Chapter
KOHA link:https://koha.lib.tpu.ru/cgi-bin/koha/opac-detail.pl?biblionumber=607227

MARC

LEADER 00000naa2a2200000 4500
001 607227
005 20231101132437.0
035 |a (RuTPU)RU\TPU\conf\4608 
035 |a RU\TPU\conf\4605 
090 |a 607227 
100 |a 20140704d2014 k y0rusy50 ca 
101 0 |a rus 
102 |a RU 
105 |a y z 101zy 
135 |a drcn ---uucaa 
181 0 |a i  
182 0 |a b 
200 1 |a Краткий обзор устройств гашения колебаний  |f Г. Катпин  |g науч. рук. Б. Б. Мойзес 
203 |a Текст  |c электронный 
225 1 |a Контроль и управление качеством 
230 |a 1 компьютерный файл (pdf; 171 Кb) 
300 |a Заглавие с титульного экрана 
337 |a Adobe Reader 
461 1 |0 (RuTPU)RU\TPU\conf\3687  |t Современные техника и технологии  |o сборник трудов XX международной научно-практической конференции студентов, аспирантов и молодых ученых, Томск, 14-18 апреля 2014 г.  |o в 3 т.  |f Национальный исследовательский Томский политехнический университет (ТПУ)   |d 2014 
463 0 |0 (RuTPU)RU\TPU\conf\3691  |t Т. 3  |v [С. 85-86]  |d 2014 
610 1 |a труды учёных ТПУ 
610 1 |a электронный ресурс 
610 1 |a гашение колебаний 
610 1 |a вибрационные воздействия 
610 1 |a импульсные воздействия 
610 1 |a детали машин 
610 1 |a переменные напряжения 
700 1 |a Катпин  |b Г. 
702 1 |a Мойзес  |b Б. Б.  |c специалист в области машиностроения  |c доцент Томского политехнического университета, кандидат технических наук  |f 1975-  |g Борис Борисович  |2 stltpush  |4 727 
712 0 2 |a Национальный исследовательский Томский политехнический университет (ТПУ)  |b Институт неразрушающего контроля (ИНК)  |b Кафедра физических методов и приборов контроля качества (ФМПК)  |h 68  |2 stltpush  |3 (RuTPU)RU\TPU\col\18709 
801 2 |a RU  |b 63413507  |c 20210312  |g RCR 
856 4 |u http://earchive.tpu.ru/handle/11683/20891 
856 4 |u http://www.lib.tpu.ru/fulltext/c/2014/C01/V3/039.pdf 
942 |c BK